[Event "US Masters"]
[Site "Charlotte USA"]
[Date "2023.11.23"]
[Round "2.15"]
[White "Thavandiran, Shiyam"]
[Black "Margvelashvili, Giorgi"]
[Result "0-1"]
[WhiteElo "2348"]
[BlackElo "2540"]
[PlyCount "90"]
[EventDate "2023.11.24"]
[EventType "swiss"]
[EventRounds "9"]
[EventCountry "USA"]
[Source "ChessMix"]
[SourceDate "2023.12.01"]
[TimeControl "5400+30"]

1. e4 {[%emt 0:00:12]} c5 {[%emt 0:06:24]} 2. Nf3 {[%emt 0:00:53]} Nc6 {
[%emt 0:00:31]} 3. d4 {[%emt 0:02:48]} cxd4 {[%emt 0:01:06]} 4. Nxd4 {
[%emt 0:00:03]} Qb6 {[%emt 0:00:42]} 5. Nb3 {[%emt 0:00:47]} g6 {[%emt 0:00:50]
} 6. c4 {[%emt 0:12:01]} Bg7 {[%emt 0:01:51]} 7. Be3 {[%emt 0:00:21]} Qd8 {
[%emt 0:07:52]} 8. Qd2 {[%emt 0:14:26]} Nf6 {[%emt 0:04:13]} 9. f3 {
[%emt 0:07:44]} O-O {[%emt 0:04:06]} 10. Nc3 {[%emt 0:01:07]} d6 {
[%emt 0:00:06]} 11. Be2 {[%emt 0:00:43]} a5 {[%emt 0:00:05]} 12. Na4 {
[%emt 0:12:49]} Nd7 {[%emt 0:02:18]} 13. O-O {[%emt 0:01:53]} b6 {
[%emt 0:00:49]} 14. Rfd1 {[%emt 0:03:08]} Nc5 {[%emt 0:01:37]} 15. Nc3 {
[%emt 0:00:27]} Nxb3 {[%emt 0:07:38]} 16. axb3 {[%emt 0:02:10]} Be6 {
[%emt 0:03:37]} 17. Nd5 {[%emt 0:02:15]} Bxd5 {[%emt 0:03:00]} 18. cxd5 {
[%emt 0:07:54]} Nb4 {[%emt 0:00:15]} 19. Rac1 {[%emt 0:03:00]} Rb8 {
[%emt 0:11:22]} 20. Bb5 {[%emt 0:11:03]} f5 {[%emt 0:00:20]} 21. h4 {
[%emt 0:10:27]} fxe4 {[%emt 0:02:26]} 22. fxe4 {[%emt 0:00:05]} Be5 {
[%emt 0:03:18]} 23. Rf1 {[%emt 0:03:58]} Rf6 {[%emt 0:13:16]} 24. Bd4 {
[%emt 0:01:34]} Rxf1+ {[%emt 0:03:19]} 25. Rxf1 {[%emt 0:00:22]} Bxd4+ {
[%emt 0:00:13]} 26. Qxd4 {[%emt 0:00:02]} Qc7 {[%emt 0:00:09]} 27. Bc6 {
[%emt 0:01:16]} e5 {[%emt 0:03:05]} 28. Qf2 {[%emt 0:00:27]} Qe7 {
[%emt 0:00:46]} 29. h5 {[%emt 0:00:33]} gxh5 {[%emt 0:04:08]} 30. Qg3+ {
[%emt 0:00:30]} Kh8 {[%emt 0:01:52]} 31. Qf2 {[%emt 0:00:30]} Nd3 {
[%emt 0:01:13]} 32. Qe3 {[%emt 0:00:28]} Nc5 {[%emt 0:03:44]} 33. Rf5 {
[%emt 0:00:20]} h4 {[%emt 0:00:40]} 34. Qf3 {[%emt 0:00:42]} Rg8 {
[%emt 0:00:28]} 35. Rf6 {[%emt 0:00:30]} h3 {[%emt 0:01:23]} 36. Rf7 {
[%emt 0:00:22]} Qh4 {[%emt 0:00:31]} 37. Rf8 {[%emt 0:00:30]} hxg2 {
[%emt 0:02:22]} 38. Rxg8+ {[%emt 0:00:32]} Kxg8 {[%emt 0:00:01]} 39. Qxg2+ {
[%emt 0:00:35]} Kf7 {[%emt 0:01:14]} 40. Qf3+ {[%emt 0:00:29]} Kg7 {
[%emt 0:00:45]} 41. Be8 {[%emt 0:00:31]} Qg5+ {[%emt 0:01:24]} 42. Kh1 {
[%emt 0:00:12]} Qc1+ {[%emt 0:00:46]} 43. Kg2 {[%emt 0:00:03]} Qxb2+ {
[%emt 0:00:10]} 44. Kh1 {[%emt 0:00:27]} Qc1+ {[%emt 0:00:09]} 45. Kg2 {
[%emt 0:00:02]} Qf4 {[%emt 0:00:35]} 0-1

[Event "US Masters"]
[Site "Charlotte USA"]
[Date "2023.11.26"]
[Round "8.22"]
[White "Thavandiran, Shiyam"]
[Black "Cruz, Cristhian"]
[Result "0-1"]
[WhiteElo "2348"]
[BlackElo "2498"]
[PlyCount "72"]
[EventDate "2023.11.24"]
[EventType "swiss"]
[EventRounds "9"]
[EventCountry "USA"]
[Source "ChessMix"]
[SourceDate "2023.12.01"]
[TimeControl "5400+30"]

1. e4 {[%emt 0:02:14]} c5 {[%emt 0:06:33]} 2. Nf3 {[%emt 0:00:26]} e6 {
[%emt 0:01:10]} 3. d4 {[%emt 0:00:15]} cxd4 {[%emt 0:00:06]} 4. Nxd4 {
[%emt 0:00:08]} Nf6 {[%emt 0:00:30]} 5. Nc3 {[%emt 0:00:33]} d6 {[%emt 0:00:05]
} 6. g4 {[%emt 0:00:35]} h6 {[%emt 0:00:13]} 7. h4 {[%emt 0:08:51]} Nc6 {
[%emt 0:00:30]} 8. Rg1 {[%emt 0:00:14]} h5 {[%emt 0:02:43]} 9. gxh5 {
[%emt 0:00:31]} Nxh5 {[%emt 0:00:57]} 10. Bg5 {[%emt 0:00:39]} Qb6 {
[%emt 0:00:59]} 11. Nb3 {[%emt 0:00:55]} a6 {[%emt 0:02:43]} 12. Qd2 {
[%emt 0:07:11]} Bd7 {[%emt 0:07:46]} 13. O-O-O {[%emt 0:00:44]} Rc8 {
[%emt 0:00:45]} 14. Kb1 {[%emt 0:12:07]} Ne5 {[%emt 0:06:21]} 15. Nd4 {
[%emt 0:10:44]} Nf6 {[%emt 0:20:34]} 16. f4 {[%emt 0:07:44]} Nc6 {
[%emt 0:03:30]} 17. Nf3 {[%emt 0:01:51]} Nh7 {[%emt 0:03:32]} 18. f5 {
[%emt 0:04:10]} Nxg5 {[%emt 0:14:08]} 19. Rxg5 {[%emt 0:00:42]} Be7 {
[%emt 0:04:52]} 20. Rxg7 {[%emt 0:26:11]} Bf6 {[%emt 0:00:32]} 21. Rg3 {
[%emt 0:00:12]} Ne5 {[%emt 0:03:25]} 22. fxe6 {[%emt 0:03:05]} fxe6 {
[%emt 0:03:33]} 23. Nd4 {[%emt 0:04:45]} Nc4 {[%emt 0:04:30]} 24. Bxc4 {
[%emt 0:00:25]} Rxc4 {[%emt 0:00:02]} 25. Nb3 {[%emt 0:01:31]} a5 {
[%emt 0:08:06]} 26. Rdg1 {[%emt 0:04:51]} Kd8 {[%emt 0:03:40]} 27. Nxa5 {
[%emt 0:01:52]} Rxc3 {[%emt 0:00:25]} 28. Rg8+ {[%emt 0:00:31]} Kc7 {
[%emt 0:00:32]} 29. e5 {[%emt 0:00:29]} Bxe5 {[%emt 0:00:37]} 30. Nb3 {
[%emt 0:00:14]} Rf3 {[%emt 0:01:06]} 31. Qd1 {[%emt 0:00:47]} Rxg8 {
[%emt 0:00:21]} 32. Rxg8 {[%emt 0:00:02]} Qf2 {[%emt 0:00:18]} 33. Nc1 {
[%emt 0:00:44]} Qd4 {[%emt 0:00:18]} 34. Qxd4 {[%emt 0:00:43]} Bxd4 {
[%emt 0:00:02]} 35. c3 {[%emt 0:00:16]} Be3 {[%emt 0:00:09]} 36. Nd3 {
[%emt 0:00:45]} e5 {[%emt 0:00:13]} 0-1

[Event "chess.com SpeedChess Q2Sw"]
[Site "chess.com INT"]
[Date "2022.11.12"]
[Round "1"]
[White "Andreikin, D."]
[Black "Thavandiran, Shiyam"]
[Result "1-0"]
[WhiteElo "2729"]
[BlackElo "2366"]
[PlyCount "85"]
[EventDate "2022.11.12"]
[EventType "swiss (blitz)"]
[EventRounds "14"]
[EventCountry "NET"]
[Source "Mark Crowther"]
[SourceDate "2022.11.14"]

1. Nf3 Nf6 2. g3 c5 3. Bg2 e6 4. O-O d5 5. d3 Be7 6. Bf4 Nc6 7. a4 O-O 8. e4 b6
9. e5 Nd7 10. h4 f6 11. exf6 Bxf6 12. Nc3 Re8 13. Re1 Bb7 14. Ng5 Nf8 15. Nb5
e5 16. Bd2 a6 17. Nc3 Nd4 18. Qh5 g6 19. Qd1 b5 20. Ne2 Nf5 21. c4 Bxg5 22.
Bxg5 Qd7 23. axb5 axb5 24. Rxa8 Bxa8 25. Nc3 bxc4 26. dxc4 d4 27. Nd5 Bxd5 28.
Bxd5+ Kg7 29. Qd2 h6 30. g4 hxg5 31. gxf5 gxh4 32. b4 cxb4 33. f6+ Kxf6 34. Qh6
Qh7 35. Qd2 Qh5 36. Qxb4 Qg4+ 37. Kf1 h3 38. Qd6+ Kg7 39. Qc7+ Kh6 40. Qf7 Rb8
41. Qg8 Kg5 42. Rxe5+ Kf6 43. Qh8# 1-0

[Event "chess.com SpeedChess Q2Sw"]
[Site "chess.com INT"]
[Date "2022.11.12"]
[Round "2"]
[White "Thavandiran, Shiyam"]
[Black "Musovic, A."]
[Result "0-1"]
[WhiteElo "2366"]
[BlackElo "2276"]
[PlyCount "42"]
[EventDate "2022.11.12"]
[EventType "swiss (blitz)"]
[EventRounds "14"]
[EventCountry "NET"]
[Source "Mark Crowther"]
[SourceDate "2022.11.14"]

1. e4 c6 2. d4 d5 3. Nd2 dxe4 4. Nxe4 Nf6 5. Nxf6+ exf6 6. c3 Bd6 7. Bd3 O-O 8.
Qc2 Re8+ 9. Ne2 Kh8 10. Be3 Nd7 11. O-O-O Nf8 12. Ng3 Qa5 13. Kb1 Bg4 14. Rde1
Be6 15. a3 b5 16. Nf5 Qc7 17. h4 a5 18. Bd2 Bd5 19. Nxd6 Qxd6 20. f3 Qg3 21.
Bc1 Rxe1 0-1

[Event "chess.com SpeedChess Q2Sw"]
[Site "chess.com INT"]
[Date "2022.11.12"]
[Round "3"]
[White "Ezat, M."]
[Black "Thavandiran, Shiyam"]
[Result "0-1"]
[WhiteElo "2404"]
[BlackElo "2366"]
[PlyCount "64"]
[EventDate "2022.11.12"]
[EventType "swiss (blitz)"]
[EventRounds "14"]
[EventCountry "NET"]
[Source "Mark Crowther"]
[SourceDate "2022.11.14"]

1. d4 Nf6 2. c4 e6 3. Nc3 Bb4 4. e3 O-O 5. a3 Bxc3+ 6. bxc3 c5 7. Bd3 Nc6 8.
Ne2 b6 9. O-O Ba6 10. e4 Na5 11. Bg5 h6 12. Bh4 Qc7 13. Bxf6 gxf6 14. Ng3 Kh8
15. Nh5 Rg8 16. Nxf6 Bxc4 17. Nxg8 Rxg8 18. Bxc4 Nxc4 19. Qd3 Qf4 20. g3 Nd2
21. Rfd1 Nxe4 22. Ra2 d5 23. dxc5 bxc5 24. c4 d4 25. Rb2 Qf5 26. Re1 Nxg3 27.
Qxf5 Nxf5+ 28. Kf1 Nh4 29. Re5 Nf3 30. Rxc5 d3 31. Rb8 Rxb8 32. Kg2 d2 0-1

[Event "chess.com SpeedChess Q2Sw"]
[Site "chess.com INT"]
[Date "2022.11.12"]
[Round "4"]
[White "Thavandiran, Shiyam"]
[Black "Gheorghiu, C."]
[Result "1/2-1/2"]
[WhiteElo "2366"]
[BlackElo "2300"]
[PlyCount "70"]
[EventDate "2022.11.12"]
[EventType "swiss (blitz)"]
[EventRounds "14"]
[EventCountry "NET"]
[Source "Mark Crowther"]
[SourceDate "2022.11.14"]

1. e4 c5 2. Nc3 d6 3. g3 g6 4. Bg2 Bg7 5. d3 Nc6 6. Be3 e6 7. Qd2 h6 8. Nge2
Nd4 9. O-O Ne7 10. Nc1 Nec6 11. Nd1 Ne7 12. c3 Ndc6 13. Ne2 b6 14. d4 cxd4 15.
cxd4 Bb7 16. Ndc3 d5 17. exd5 exd5 18. Rfe1 Na5 19. b3 Nf5 20. Nf4 O-O 21.
Nfxd5 Nxe3 22. fxe3 Rc8 23. Rac1 Re8 24. Qf2 Nc6 25. Rf1 Rf8 26. Nf6+ Kh8 27.
Ncd5 Ne7 28. Rxc8 Nxc8 29. Qf4 Nd6 30. h4 Nf5 31. Be4 Nd6 32. Bd3 Ne8 33. Be4
Nd6 34. Bg2 Nf5 35. Be4 Nd6 1/2-1/2

[Event "chess.com SpeedChess Q2Sw"]
[Site "chess.com INT"]
[Date "2022.11.12"]
[Round "5"]
[White "Miszler, Levente"]
[Black "Thavandiran, Shiyam"]
[Result "0-1"]
[WhiteElo "2276"]
[BlackElo "2366"]
[PlyCount "180"]
[EventDate "2022.11.12"]
[EventType "swiss (blitz)"]
[EventRounds "14"]
[EventCountry "NET"]
[Source "Mark Crowther"]
[SourceDate "2022.11.14"]

1. Nf3 Nf6 2. c4 c5 3. g3 b6 4. Bg2 Bb7 5. O-O e6 6. Nc3 Be7 7. d4 cxd4 8. Qxd4
d6 9. Rd1 a6 10. e4 Nbd7 11. b3 Qc7 12. Bb2 O-O 13. Rac1 Rac8 14. Ne2 Rfd8 15.
Nd2 Ne5 16. h3 h5 17. Qe3 Ng6 18. Nf4 Ne5 19. Nd3 Nxd3 20. Qxd3 Qb8 21. Qe2 g6
22. e5 dxe5 23. Bxe5 Qa8 24. Bxb7 Qxb7 25. Bxf6 Bxf6 26. Ne4 Be7 27. h4 b5 28.
cxb5 axb5 29. a4 bxa4 30. bxa4 Rxc1 31. Rxc1 Rd4 32. Nc5 Bxc5 33. Rxc5 Rxa4 34.
Rc1 Rb4 35. Qe5 Rb1 36. Rxb1 Qxb1+ 37. Kg2 Qb7+ 38. Kg1 Qd5 39. Qf6 Qd1+ 40.
Kg2 Qd3 41. Qe7 Qe4+ 42. Kg1 Kg7 43. Qa7 Qe1+ 44. Kg2 Qd1 45. Qe7 Qd4 46. Qc7
Kf6 47. Kg1 e5 48. Qb8 Kg7 49. Qe8 e4 50. Qe7 Qd1+ 51. Kg2 Qf3+ 52. Kg1 Qf5 53.
Qe8 Kf6 54. Qh8+ Ke7 55. Qd4 Ke6 56. Qb6+ Kd7 57. Qb7+ Kd6 58. Qb6+ Kd5 59.
Qb5+ Kd4 60. Qb4+ Ke5 61. Qc5+ Kf6 62. Qd6+ Qe6 63. Qd8+ Kg7 64. Qd4+ Kh7 65.
Qa7 Qf5 66. Qd4 Qf3 67. Qa7 Qb3 68. Qe7 Qd5 69. Qa7 Kg7 70. Qe7 Qd3 71. Qa7 e3
72. Qxe3 Qxe3 73. fxe3 Kf6 74. Kf2 Ke5 75. Kf3 f6 76. Kf2 Ke4 77. Ke2 g5 78.
Kf2 g4 79. Ke2 f5 80. Kf2 Kd3 81. e4 fxe4 82. Ke1 Ke3 83. Kf1 Kd2 84. Kf2 e3+
85. Kg2 e2 86. Kf2 e1=Q+ 87. Kg2 Qe2+ 88. Kh1 Ke3 89. Kg1 Kf3 90. Kh1 Qg2# 0-1

[Event "chess.com SpeedChess Q2Sw"]
[Site "chess.com INT"]
[Date "2022.11.12"]
[Round "6"]
[White "Thavandiran, Shiyam"]
[Black "Zemlyanskii, Ivan"]
[Result "1/2-1/2"]
[WhiteElo "2366"]
[BlackElo "2237"]
[PlyCount "127"]
[EventDate "2022.11.12"]
[EventType "swiss (blitz)"]
[EventRounds "14"]
[EventCountry "NET"]
[Source "Mark Crowther"]
[SourceDate "2022.11.14"]

1. e4 c5 2. Nc3 a6 3. g3 b5 4. Bg2 Bb7 5. d3 e6 6. Nh3 Nc6 7. O-O Be7 8. f4 h5
9. Be3 Nf6 10. Nf2 d5 11. exd5 exd5 12. d4 cxd4 13. Bxd4 Nxd4 14. Qxd4 b4 15.
Na4 Bc6 16. Nc5 O-O 17. Rfe1 Bd6 18. Nfd3 a5 19. a3 bxa3 20. Rxa3 Rc8 21. Rc3
Qb6 22. Ne6 Qxd4+ 23. Nxd4 Bd7 24. Rxc8 Rxc8 25. Ne5 Bc5 26. c3 Bf5 27. Kf1
Bxd4 28. cxd4 Be4 29. Bxe4 Nxe4 30. Ra1 Rb8 31. Rxa5 Rxb2 32. Ra8+ Kh7 33. Nxf7
Rxh2 34. Rh8+ Kg6 35. Ne5+ Kf5 36. Kg1 Rh3 37. Rxh5+ Rxh5 38. g4+ Kxf4 39. gxh5
Ng3 40. Ng6+ Ke4 41. Nf8 Nxh5 42. Ne6 g6 43. Kf2 Nf4 44. Nf8 Kxd4 45. Kf3 Ke5
46. Nd7+ Kf5 47. Nb6 d4 48. Nc4 d3 49. Ne3+ Kg5 50. Nf1 Nd5 51. Ke4 Nb4 52. Kd4
Kf4 53. Kc3 Kf3 54. Kxb4 Ke2 55. Ng3+ Kf2 56. Ne4+ Ke3 57. Nc3 g5 58. Kc4 g4
59. Nd5+ Kd2 60. Nf4 g3 61. Kd4 Kc2 62. Nxd3 g2 63. Ne1+ Kd2 64. Nxg2 1/2-1/2

[Event "chess.com SpeedChess Q2Sw"]
[Site "chess.com INT"]
[Date "2022.11.12"]
[Round "7"]
[White "Sellitti, F."]
[Black "Thavandiran, Shiyam"]
[Result "1-0"]
[WhiteElo "2176"]
[BlackElo "2366"]
[PlyCount "113"]
[EventDate "2022.11.12"]
[EventType "swiss (blitz)"]
[EventRounds "14"]
[EventCountry "NET"]
[Source "Mark Crowther"]
[SourceDate "2022.11.14"]

1. e4 e6 2. b3 d5 3. Bb2 Nf6 4. exd5 exd5 5. Qe2+ Be6 6. Nf3 Nc6 7. Ng5 Qd7 8.
Nxe6 fxe6 9. g3 e5 10. h4 Bd6 11. Bh3 Qe7 12. O-O O-O 13. c4 dxc4 14. bxc4 e4
15. Nc3 Nd4 16. Qd1 Nf3+ 17. Kg2 Qe5 18. d4 Qxd4 19. Qxd4 Nxd4 20. Nxe4 Nxe4
21. Bxd4 Bc5 22. Be6+ Kh8 23. Rad1 Rad8 24. Bd5 Bxd4 25. Rxd4 Nc5 26. Rfd1 b6
27. Bc6 Rxd4 28. Rxd4 g6 29. h5 Kg7 30. Bf3 Rf6 31. Rd8 gxh5 32. Rc8 Rf7 33.
Bxh5 Re7 34. f4 a5 35. f5 Kf6 36. Rf8+ Kg5 37. f6 Re6 38. f7 Nd7 39. Rd8 Kxh5
40. Rxd7 Rf6 41. Rxc7 Kg6 42. Rb7 Rxf7 43. Rxb6+ Kg7 44. c5 Rf5 45. c6 Rc5 46.
Rb7+ Kg6 47. c7 h5 48. Ra7 Rc2+ 49. Kf3 Rc3+ 50. Ke4 Kg5 51. Kd4 Rc1 52. Rxa5+
Kg4 53. Rc5 Rd1+ 54. Kc4 Rc1+ 55. Kb5 Rb1+ 56. Kc6 Kxg3 57. c8=Q 1-0

[Event "chess.com SpeedChess Q2Sw"]
[Site "chess.com INT"]
[Date "2022.11.12"]
[Round "8"]
[White "Eynullayev, Altay"]
[Black "Thavandiran, Shiyam"]
[Result "0-1"]
[WhiteElo "2214"]
[BlackElo "2366"]
[PlyCount "66"]
[EventDate "2022.11.12"]
[EventType "swiss (blitz)"]
[EventRounds "14"]
[EventCountry "NET"]
[Source "Mark Crowther"]
[SourceDate "2022.11.14"]

1. e4 e6 2. d4 d5 3. e5 c5 4. c3 Nc6 5. Nf3 Bd7 6. a3 f6 7. Bd3 fxe5 8. dxe5
Qc7 9. O-O Nxe5 10. Nxe5 Qxe5 11. Re1 Qf6 12. c4 O-O-O 13. Nc3 Qf7 14. Qb3 Nf6
15. Bf4 Ne4 16. Bxe4 Qxf4 17. cxd5 exd5 18. Bxd5 Qc7 19. Ne4 Be7 20. Rac1 Kb8
21. Nxc5 Bxc5 22. Rxc5 Qb6 23. Qg3+ Ka8 24. Rc2 Bf5 25. Rd2 Bg6 26. h4 Rhe8 27.
Rxe8 Rxe8 28. Qf3 a6 29. h5 Re1+ 30. Kh2 Qd6+ 31. g3 Be4 32. Bxb7+ Bxb7 33. Qe4
Qxd2 0-1

[Event "chess.com SpeedChess Q2Sw"]
[Site "chess.com INT"]
[Date "2022.11.12"]
[Round "9"]
[White "Thavandiran, Shiyam"]
[Black "Meier, Geo"]
[Result "1-0"]
[WhiteElo "2366"]
[BlackElo "2615"]
[PlyCount "55"]
[EventDate "2022.11.12"]
[EventType "swiss (blitz)"]
[EventRounds "14"]
[EventCountry "NET"]
[Source "Mark Crowther"]
[SourceDate "2022.11.14"]

1. e4 e6 2. d4 d5 3. exd5 exd5 4. Nf3 Bf5 5. Qe2+ Ne7 6. Qb5+ Nbc6 7. Qxb7 Rb8
8. Qa6 Rb6 9. Qe2 Nb4 10. Na3 Re6 11. Be3 Nc8 12. Qd2 Be7 13. Bb5+ c6 14. Be2
Qb6 15. O-O Nd6 16. c4 Ne4 17. Qc1 O-O 18. Ne5 f6 19. Nd7 Qc7 20. Nxf8 Bxf8 21.
Re1 Qf7 22. Nc2 Nxc2 23. Qxc2 h5 24. Qd1 h4 25. h3 Qg6 26. Bh5 Qh7 27. cxd5
cxd5 28. Bg4 1-0

[Event "chess.com SpeedChess Q2Sw"]
[Site "chess.com INT"]
[Date "2022.11.12"]
[Round "10"]
[White "Thavandiran, Shiyam"]
[Black "Pakleza, Z."]
[Result "0-1"]
[WhiteElo "2366"]
[BlackElo "2496"]
[PlyCount "86"]
[EventDate "2022.11.12"]
[EventType "swiss (blitz)"]
[EventRounds "14"]
[EventCountry "NET"]
[Source "Mark Crowther"]
[SourceDate "2022.11.14"]

1. e4 d6 2. d4 Nf6 3. Nc3 c6 4. Nf3 Bg4 5. h3 Bh5 6. Bd3 e6 7. O-O d5 8. e5
Nfd7 9. Re1 c5 10. dxc5 Nc6 11. Bf4 Bxc5 12. g4 Bg6 13. Bxg6 hxg6 14. Ng5 Nb6
15. Kg2 Be7 16. Nf3 a6 17. Ne2 Qc7 18. b3 O-O-O 19. a4 Kb8 20. Qd2 d4 21. Red1
d3 22. cxd3 Nb4 23. d4 Qd7 24. Rac1 N6d5 25. Bg3 Ka8 26. Rc4 f6 27. Rdc1 f5 28.
Ng5 Rdf8 29. Nf3 g5 30. gxf5 exf5 31. e6 Qxe6 32. Be5 g4 33. hxg4 fxg4 34. Nfg1
Bf6 35. Nf4 Nxf4+ 36. Qxf4 Bxe5 37. Qxe5 Qh6 38. Kf1 Nd3 39. R1c2 Nxe5 40. dxe5
g3 41. f3 Qh1 42. Rd2 Rxf3+ 43. Ke1 Qxg1+ 0-1

[Event "chess.com SpeedChess Q2Sw"]
[Site "chess.com INT"]
[Date "2022.11.12"]
[Round "11"]
[White "Srihari, L R."]
[Black "Thavandiran, Shiyam"]
[Result "0-1"]
[WhiteElo "2436"]
[BlackElo "2366"]
[PlyCount "96"]
[EventDate "2022.11.12"]
[EventType "swiss (blitz)"]
[EventRounds "14"]
[EventCountry "NET"]
[Source "Mark Crowther"]
[SourceDate "2022.11.14"]

1. Nf3 Nf6 2. g3 g6 3. Bg2 Bg7 4. O-O O-O 5. d4 d6 6. Re1 Nbd7 7. e4 e5 8. dxe5
dxe5 9. Qe2 a5 10. a4 b6 11. Nbd2 Ba6 12. Nc4 Qe7 13. b3 Rfd8 14. Ba3 Qe8 15.
Rad1 h6 16. h3 Qe6 17. Bf1 Ne8 18. Kh2 Bf8 19. Bxf8 Kxf8 20. Qe3 Kg7 21. Qc3
Nef6 22. Qe3 Qe7 23. Rd2 Bxc4 24. Bxc4 Nc5 25. Bd5 Rac8 26. Qc3 c6 27. Bc4
Ncxe4 28. Rxd8 Nxc3 29. Rxc8 Qd7 30. Ra8 e4 31. Ne5 Qd4 32. Kg2 Qxe5 33. Ra7
Nfd5 34. Kg1 e3 35. f4 Qd4 36. Bd3 e2+ 37. Kg2 Ne3+ 38. Kf3 Ned1 39. Rxe2 Nxe2
40. Kxe2 Nc3+ 41. Kf3 Nd5 42. Bc4 Qe3+ 43. Kg2 h5 44. h4 Qd2+ 45. Kh3 Qxc2 46.
f5 Qxf5+ 47. Kh2 Qf2+ 48. Kh3 b5 0-1

[Event "chess.com SpeedChess Q2Sw"]
[Site "chess.com INT"]
[Date "2022.11.12"]
[Round "12"]
[White "Thavandiran, Shiyam"]
[Black "Harsha, Bharathakoti"]
[Result "0-1"]
[WhiteElo "2366"]
[BlackElo "2582"]
[PlyCount "136"]
[EventDate "2022.11.12"]
[EventType "swiss (blitz)"]
[EventRounds "14"]
[EventCountry "NET"]
[Source "Mark Crowther"]
[SourceDate "2022.11.14"]

1. e4 c5 2. Nf3 Nf6 3. Nc3 d5 4. Bb5+ Bd7 5. Bxd7+ Qxd7 6. exd5 Nxd5 7. Ne5 Qe6
8. Nxd5 Qxe5+ 9. Ne3 Nc6 10. Qf3 g6 11. O-O Bg7 12. d3 O-O 13. Ng4 Qd6 14. Nh6+
Bxh6 15. Bxh6 Rfe8 16. Rae1 Nd4 17. Qd1 Rad8 18. h3 b6 19. Be3 Nf5 20. Qf3 Qd5
21. Qf4 e5 22. Qg5 Qxa2 23. g4 Nxe3 24. Rxe3 Qxb2 25. Rfe1 Qc3 26. h4 e4 27. h5
Qe5 28. Qh4 g5 29. Qh1 Qf4 30. Qh3 Rd4 31. c3 Ra4 32. Kg2 Ra2 33. Qg3 Qxg3+ 34.
Kxg3 Rc2 35. dxe4 h6 36. Rd1 Re7 37. Rd6 Kg7 38. e5 Rb2 39. Rf3 Rb3 40. Rdf6 a5
41. e6 fxe6 42. Rg6+ Kh7 43. Rff6 Rxc3+ 44. f3 a4 45. Rxh6+ Kg8 46. Rfg6+ Kf7
47. Rh8 a3 48. Rgg8 e5 49. Rf8+ Ke6 50. Rb8 e4 51. Rxb6+ Kd5 52. Rf8 e3 53.
Rd8+ Kc4 54. Rd1 e2 55. Re1 a2 56. Rf6 Rb3 57. Rc1+ Kb5 58. Rf8 Rb1 59. Rb8+
Kc6 60. Rbxb1 axb1=Q 61. Rxb1 e1=Q+ 62. Rxe1 Rxe1 63. f4 Re3+ 64. Kf2 gxf4 65.
g5 Rg3 66. g6 Kd6 67. h6 Rxg6 68. h7 Rh6 0-1

[Event "chess.com SpeedChess Q2Sw"]
[Site "chess.com INT"]
[Date "2022.11.12"]
[Round "13"]
[White "Thavandiran, Shiyam"]
[Black "Vokhidov, Shamsiddin"]
[Result "0-1"]
[WhiteElo "2366"]
[BlackElo "2568"]
[PlyCount "72"]
[EventDate "2022.11.12"]
[EventType "swiss (blitz)"]
[EventRounds "14"]
[EventCountry "NET"]
[Source "Mark Crowther"]
[SourceDate "2022.11.14"]

1. e4 c5 2. Nf3 d6 3. d4 cxd4 4. Nxd4 Nf6 5. Nc3 Nc6 6. Bg5 Bd7 7. Qd2 a6 8.
O-O-O e6 9. f4 b5 10. Bxf6 gxf6 11. Kb1 Qb6 12. Nf3 b4 13. Ne2 h5 14. f5 e5 15.
Nc1 Na5 16. Nb3 Rc8 17. Be2 Nc4 18. Bxc4 Rxc4 19. Rhe1 a5 20. Qd5 Rc8 21. Qxa5
Qb7 22. Qd5 Bc6 23. Qd3 Ra8 24. Qc4 Rg8 25. Rd2 Rg4 26. Rde2 d5 27. Qd3 dxe4
28. Qd2 exf3 29. gxf3 Bxf3 30. Rxe5+ fxe5 31. Rxe5+ Be7 32. f6 Re4 33. Nc5 Qa7
34. Qg5 Qxa2+ 35. Kc1 Qa1+ 36. Kd2 Qd1# 0-1

[Event "chess.com SpeedChess Q2Sw"]
[Site "chess.com INT"]
[Date "2022.11.12"]
[Round "14"]
[White "Czerw, D."]
[Black "Thavandiran, Shiyam"]
[Result "0-1"]
[WhiteElo "2373"]
[BlackElo "2366"]
[PlyCount "76"]
[EventDate "2022.11.12"]
[EventType "swiss (blitz)"]
[EventRounds "14"]
[EventCountry "NET"]
[Source "Mark Crowther"]
[SourceDate "2022.11.14"]

1. d4 Nf6 2. c4 e6 3. g3 c5 4. Nf3 cxd4 5. Nxd4 d5 6. Bg2 e5 7. Nf3 d4 8. O-O
Nc6 9. e3 Be7 10. exd4 exd4 11. Bf4 Be6 12. Nbd2 O-O 13. Re1 Rc8 14. a3 a5 15.
Ne5 Nxe5 16. Bxe5 Ng4 17. h3 Nxe5 18. Rxe5 b6 19. Qe2 Bf6 20. Rxe6 fxe6 21.
Qxe6+ Kh8 22. Bd5 d3 23. Rb1 Bd4 24. Nf3 Bc5 25. Qe4 Qd6 26. Kg2 d2 27. Qd3
Rce8 28. Qxd2 a4 29. Re1 Qf6 30. Rxe8 Rxe8 31. Qc2 g6 32. Qxa4 Re2 33. Qa8+ Kg7
34. Qg8+ Kh6 35. g4 Rxf2+ 36. Kg3 Qd6+ 37. Kh4 Rg2 38. Ne5 Bf2# 0-1